| 000 | 00561nam a22001697a 4500 | ||
|---|---|---|---|
| 003 | OSt | ||
| 005 | 20171010095455.0 | ||
| 008 | 120629t xxu||||| |||| 00| 0 eng d | ||
| 040 |
_aMMSU _cULS |
||
| 100 |
_aPambid, Robert A. _910931 |
||
| 245 |
_aAnalysis of Pinoy Big Brother Celebrity Edition-2 _cRobert A. Pambid |
||
| 260 | _c2008 | ||
| 300 |
_a[xi], [73] leaves _c28 cm. |
||
| 500 | _aThesis (AB English Studies) -- Mariano Marcos State University-College of Arts & Sciences, Batac City | ||
| 504 | _aBibliography: leaves 56-58 | ||
| 942 |
_2ddc _cTHEDIS |
||
| 999 |
_c9614 _d9614 |
||